LEADER 00793nam0-22003131i-450 001 990003242050403321 005 20230406091738.0 035 $a000324205 035 $aFED01000324205 035 $a(Aleph)000324205FED01 035 $a000324205 100 $a20000920d1978----km-y0itay50------ba 101 0 $aita 102 $aIT 105 $ay-------001yy 200 1 $a<>vulcani della terra$fFred M. Bullard 210 $aRoma$cNewton Compton$d1978 215 $a595 p. 610 0 $aVulcanismo 676 $a551.2 700 1$aBullard,$bFred M.$0270904 801 0$aIT$bUNINA$gRICA$2UNIMARC 901 $aBK 912 $a990003242050403321 952 $a030.002.BUL.$b2283$fDECGE 959 $aDECGE 996 $aVulcani della terra$93081153 997 $aUNINA DB $aING01